Gynaecology by Ten Teachers (Record no. 239)

MARC details
000 -LEADER
fixed length control field 00533nam a22002057a 4500
003 - CONTROL NUMBER IDENTIFIER
control field OSt
005 - DATE AND TIME OF LATEST TRANSACTION
control field 20171129140328.0
008 - FIXED-LENGTH DATA ELEMENTS--GENERAL INFORMATION
fixed length control field 140716b xxu||||| |||| 00| 0 eng d
020 ## - INTERNATIONAL STANDARD BOOK NUMBER
International Standard Book Number 9780340983546
040 ## - CATALOGING SOURCE
Transcribing agency DNLM
082 ## - DEWEY DECIMAL CLASSIFICATION NUMBER
Classification number WP100 G997a 2011
100 ## - MAIN ENTRY--PERSONAL NAME
Personal name Edited by Monga, Ash; Dobbs, Stephen
9 (RLIN) 635
245 ## - TITLE STATEMENT
Title Gynaecology by Ten Teachers
250 ## - EDITION STATEMENT
Edition statement 19th ed.
260 ## - PUBLICATION, DISTRIBUTION, ETC. (IMPRINT)
Place of publication, distribution, etc. London;
Name of publisher, distributor, etc. Bookpower,
Date of publication, distribution, etc. 2011
300 ## - PHYSICAL DESCRIPTION
Extent ix,206p;
Other physical details col.ill:
Dimensions 24cm
504 ## - BIBLIOGRAPHY, ETC. NOTE
Bibliography, etc Index included
650 ## - SUBJECT ADDED ENTRY--TOPICAL TERM
Topical term or geographic name as entry element Gynaecology
9 (RLIN) 330
942 ## - ADDED ENTRY ELEMENTS (KOHA)
Source of classification or shelving scheme Other/Generic Classification Scheme
Koha item type Book Bank
Holdings
Withdrawn status Lost status Source of classification or shelving scheme Damaged status Not for loan Home library Current library Date acquired Source of acquisition Inventory number Total Checkouts Full call number Barcode Date last seen Koha item type Date last checked out
    Other/Generic Classification Scheme     MUST Main Library MUST Main Library 16/07/2014   08/30600   WP100 G997a 2006 G 2014-0902 16/07/2014 Book Bank  
    Other/Generic Classification Scheme     MUST Main Library MUST Main Library 16/07/2014   08/30599 1 WP100 G997a 2006 G 2014-0903 07/10/2021 Book Bank 29/08/2019
    Other/Generic Classification Scheme     MUST Main Library MUST Main Library 16/07/2014   08/30598   WP100 G997a 2006 G 2014-0904 16/07/2014 Book Bank  
    Other/Generic Classification Scheme     MUST Main Library MUST Main Library 16/07/2014   08/30597   WP100 G997a 2006 G 2014-0905 16/07/2014 Book Bank  
    Other/Generic Classification Scheme     MUST Main Library MUST Main Library 16/07/2014   08/30596   WP100 G997a 2006 G 2014-0906 16/07/2014 Book Bank  
    Other/Generic Classification Scheme     MUST Main Library MUST Main Library 16/07/2014   08/30595   WP100 G997a 2006 G 2014-0907 16/07/2014 Book Bank  
    Other/Generic Classification Scheme     MUST Main Library MUST Main Library 16/07/2014   08/30593   WP100 G997a 2006 G 2014-0908 16/07/2014 Book Bank  
    Other/Generic Classification Scheme     MUST Main Library MUST Main Library 16/07/2014   08/30591   WP100 G997a 2006 G 2014-0909 16/07/2014 Book Bank  
    Other/Generic Classification Scheme     MUST Main Library MUST Main Library 16/07/2014   08/29530   WP100 G997a 2006 G 2014-0910 16/07/2014 Book Bank  
    Other/Generic Classification Scheme     MUST Main Library MUST Main Library 16/07/2014   08/29529   WP100 G997a 2006 G 2014-0911 16/07/2014 Book Bank  
    Other/Generic Classification Scheme     MUST Main Library MUST Main Library 16/07/2014   08/29528   WP100 G997a 2006 G 2014-0912 16/07/2014 Book Bank  
    Other/Generic Classification Scheme     MUST Main Library MUST Main Library 16/07/2014   08/29527   WP100 G997a 2006 G 2014-0913 16/07/2014 Book Bank  
    Other/Generic Classification Scheme     MUST Main Library MUST Main Library 16/07/2014   08/29723   WP100 G997a 2006 G 2014-0914 16/07/2014 Book Bank  
    Other/Generic Classification Scheme     MUST Main Library MUST Main Library 23/03/2015   15/38956   WP100 G997a 2011 G 2015-0563 23/03/2015 Book Bank  
    Other/Generic Classification Scheme     MUST Main Library MUST Main Library 23/03/2015   15/38957 2 WP100 G997a 2011 G 2015-0564 21/05/2021 Book Bank 24/02/2021
    Other/Generic Classification Scheme     MUST Main Library MUST Main Library 29/11/2017 Purchase 17/40232   WP100 G997a 2011 G 2017-0930 29/11/2017 Open Shelf  
    Other/Generic Classification Scheme     MUST Main Library MUST Main Library 29/11/2017 Purchase 17/40233   WP100 G997a 2011 G 2017-0931 29/11/2017 Open Shelf